000
00455nam a2200181Ia 4500
008
151018s9999 xx 000 0 und d
082
_b
RBASDV19668
_a
891.433
100
_a
राणू
245
_a
गजरा
250
_b
1
260
_b
डायमंड पॉकेट बुक्स
_c
1985
300
_a
183
600
_a
राणू
630
_a
गजरा
700
_a
राणू
730
_a
गजरा
942
_c
BOOK
999
_c
1020304
_d
1020301